Statistics for Five Most Populous Islands by Continent

Click here to take the quiz!

General Stats

  • This quiz has been taken 30 times
  • The average score is 15 of 30

Answer Stats

ContinentIsland% Correct
EuropeGreat Britain
90%
North AmericaCuba
87%
EuropeIreland
87%
AfricaMadagascar
83%
EuropeSicily
83%
North AmericaJamaica
80%
North AmericaHispaniola
77%
AsiaHonshu
77%
AsiaJava
77%
OceaniaNew Guinea
73%
EuropeSardinia
73%
OceaniaNorth Island
67%
OceaniaSouth Island
67%
AfricaMauritius
63%
AsiaLuzon
57%
AsiaSumatra
57%
North AmericaLong Island
50%
EuropeZealand
50%
North AmericaPuerto Rico
40%
AfricaZanzibar
37%
AsiaMindanao
33%
OceaniaOahu
23%
AfricaTenerife
23%
AfricaRéunion
13%
OceaniaViti Levu
13%
South AmericaMargarita Island
10%
South AmericaMarajo
3%
South AmericaSanta Catarina
3%
South AmericaSão Luís
3%
South AmericaSão Vicente
3%

Score Distribution

Percentile by Number Answered

Percent of People with Each Score

Your Score History

You have not taken this quiz